Fluid mechanics / (Record no. 8617)

MARC details
000 -LEADER
fixed length control field 01106cam a2200289 a 4500
001 - CONTROL NUMBER
control field 517908
003 - CONTROL NUMBER IDENTIFIER
control field OSt
005 - DATE AND TIME OF LATEST TRANSACTION
control field 20240618125026.0
008 - FIXED-LENGTH DATA ELEMENTS--GENERAL INFORMATION
fixed length control field 861204s1987 enkacf b 001 0 eng
010 ## - LIBRARY OF CONGRESS CONTROL NUMBER
LC control number 86030498
020 ## - INTERNATIONAL STANDARD BOOK NUMBER
International Standard Book Number 0080339336 :
020 ## - INTERNATIONAL STANDARD BOOK NUMBER
International Standard Book Number 0080339328:
040 ## - CATALOGING SOURCE
Original cataloging agency MUST
Transcribing agency MUST
082 00 - DEWEY DECIMAL CLASSIFICATION NUMBER
Classification number 532 LAN 1987
Edition number 19
100 1# - MAIN ENTRY--PERSONAL NAME
Personal name Landau, L. D.
Fuller form of name (Lev Davidovich),
Dates associated with a name 1908-1968.
9 (RLIN) 8031
240 10 - UNIFORM TITLE
Uniform title <a href="Mekhanika sploshnykh sred.">Mekhanika sploshnykh sred.</a>
Language of a work English
245 10 - TITLE STATEMENT
Title Fluid mechanics /
Statement of responsibility, etc. by L.D. Landau and E.M. Lifshitz ; translated from the Russian by J.B. Sykes and W.H. Reid.
250 ## - EDITION STATEMENT
Edition statement 2nd ed., 2nd English ed., rev.
260 ## - PUBLICATION, DISTRIBUTION, ETC. (IMPRINT)
Place of publication, distribution, etc. Oxford, England ;
-- New York :
Name of publisher, distributor, etc. Pergamon Press,
Date of publication, distribution, etc. 1987.
300 ## - PHYSICAL DESCRIPTION
Extent xiii, 539 p.:
Other physical details ill., ports. ;
Dimensions 26 cm.
490 1# - SERIES STATEMENT
Series statement Course of theoretical physics ;
Volume/sequential designation v. 6
504 ## - BIBLIOGRAPHY, ETC. NOTE
Bibliography, etc Includes bibliographical references and index.
650 #0 - SUBJECT ADDED ENTRY--TOPICAL TERM
Topical term or geographic name as entry element Fluid mechanics.
9 (RLIN) 8032
700 1# - ADDED ENTRY--PERSONAL NAME
Personal name Lifshit︠s︡, E. M.
Fuller form of name (Evgeniĭ Mikhaĭlovich)
9 (RLIN) 17456
800 1# - SERIES ADDED ENTRY--PERSONAL NAME
Personal name Landau, L. D.
Fuller form of name (Lev Davidovich),
Dates associated with a name 1908-1968.
Title of a work Teoreticheskai︠a︡ fizika.
Language of a work English ;
Volume/sequential designation v. 6.
9 (RLIN) 17457
942 ## - ADDED ENTRY ELEMENTS (KOHA)
Source of classification or shelving scheme Dewey Decimal Classification
Koha item type Open Shelf
Holdings
Withdrawn status Lost status Source of classification or shelving scheme Damaged status Not for loan Home library Current library Source of acquisition Inventory number Total Checkouts Full call number Barcode Date last seen Koha item type
    Other/Generic Classification Scheme     MUST Main Library MUST Main Library Donation 03/20408   532 LAN 1987 2024-20792 18/06/2024 Open Shelf